000 00889 a2200193 4500
001 59425
005 20260407155848.0
008 260407a1974 arg spa d
003 AR-UNSa-BCEJYS
040 _aAR-UNSa-BCEJYS
_bspa
_cAR-UNSa-BCEJYS
080 _a338.2(8)
_xPolítica económica. Control de la economía. gestión de la economía. planificación económica en América Latina
245 1 0 _aDependencia, estructura de poder y formación regional en América Latina
264 1 _aMéxico :
_bSiglo XXI Editores
_c1974
300 _a262 p.
_c20 cm.
505 _a1. El fenómeno de la dependencia en América Latina y su vinculación con la formación regional – 2. América Latina como sociedad dependiente – 3. Sociedad global y estructura del espacio en cada etapa histórica
942 _cBK
590 _aniveau_biblio:m niveau_hierar:0
100 1 _aRofman, Alejandro B.
999 _c6680
_d6680